Normal view MARC view
  • मोडक, अशोक

Entry Personal Name

Number of records used in: 1

001 - CONTROL NUMBER

  • control field: 216910

003 - CONTROL NUMBER IDENTIFIER

  • control field: OSt

005 - DATE AND TIME OF LATEST TRANSACTION

  • control field: 20260310121438.0

008 - FIXED-LENGTH DATA ELEMENTS

  • fixed length control field: 260310|| aca||aabn | a|a d

040 ## - CATALOGING SOURCE

  • Original cataloging agency: OSt
  • Transcribing agency: OSt

100 ## - HEADING--PERSONAL NAME

  • Personal name: मोडक, अशोक

670 ## - SOURCE DATA FOUND

  • Source citation: Work cat.: (OSt)370645: मोडक, अशोक, स्वामी विवेकानंद चिरंतन चैतन्याचा स्रोत, 2021